| 000 | 00388nam a2200145Ia 4500 | ||
|---|---|---|---|
| 008 | 230917s9999||||xx |||||||||||||| ||und|| | ||
| 040 |
_e40698 _aMAIN |
||
| 041 | _aEnglish | ||
| 082 | _a968.9402 M119A | ||
| 100 | _aMacperson, Fergus | ||
| 245 | 0 | _aAnatomy of a conquest: the British occupation of Zambia, 1884-1924 | |
| 260 |
_bBurnt Mill _cLongman |
||
| 300 | _a266 p. | ||
| 942 | _cBK | ||
| 999 |
_c228423 _d228423 |
||